[Event "DEM U10 2011"]
[Site "Oberhof GER"]
[Date "2011.06.13"]
[Round "4"]
[White "Laubrock, Paul"]
[Black "Gungl, Theo"]
[Result "0-1"]
[Termination "normal"]
[Board "1"]
[WhiteElo "1546"]
[BlackElo "1736"]
[PlyCount "86"]
[WhiteFideId "1270509"]
[BlackFideId "24695653"]
[EventCountry "GER"]
[EventRounds "11"]
[EventType "swiss"]
[EventDate "2011.06.11"]

1. e4 e6 2. d4 d5 3. exd5 exd5 4. Bd3 Nf6 5. Ne2 Be7 6. Nbc3 O-O 7. Bf4 c6 8.
Qd2 Bg4 9. f3 Bh5 10. g4 Bg6 11. O-O-O b5 12. h4 Qa5 13. h5 Bxd3 14. Qxd3 b4
15. Nb1 Qxa2 16. g5 Nfd7 17. g6 Nf6 18. h6 fxg6 19. hxg7 Rf7 20. Rdg1 Qc4 21.
Qe3 Nbd7 22. Rg2 Re8 23. Be5 c5 24. Bxf6 Rxf6 25. dxc5 Qxc5 26. Nd4 Qd6 27. Rg4
Ne5 28. Qh6 Kf7 29. Qxh7 Rg8 30. Rgh4 Rxf3 31. Nxf3 Nxf3 32. Rf1 Bxh4 33. Rxf3+
Bf6 34. Qh3 Kxg7 35. Nd2 Rh8 36. Qf1 Qe5 37. Rb3 a5 38. Nf3 Qf4+ 39. Kb1 a4 40.
Rd3 Qf5 41. Qe2 Kf7 42. Nd4 Qe4 43. Qf2 Rh1+ 0-1

[Event "DEM U10 2011"]
[Site "Oberhof GER"]
[Date "2011.06.13"]
[Round "4"]
[White "Baberz, Alexander"]
[Black "Reimers, Kim"]
[Result "1-0"]
[Termination "normal"]
[Board "2"]
[WhiteElo "1854"]
[BlackElo "1386"]
[PlyCount "58"]
[WhiteFideId "12921734"]
[BlackFideId "12930377"]
[EventCountry "GER"]
[EventRounds "11"]
[EventType "swiss"]
[EventDate "2011.06.11"]

1. d4 d5 2. Nf3 Nf6 3. c4 e6 4. Nbd2 b6 5. e3 Bb7 6. Bd3 Be7 7. O-O O-O 8. b3
Nbd7 9. Bb2 c5 10. Ne5 Rc8 11. Rc1 Rc7 12. Re1 Qa8 13. Nxd7 Nxd7 14. dxc5 Nxc5
15. Qg4 f6 16. Bb1 Bd6 17. cxd5 Bxd5 18. e4 Bc6 19. b4 Nb7 20. Qxe6+ Kh8 21. e5
Bxb4 22. Qh3 g6 23. exf6 Rff7 24. Bxg6 Bxd2 25. Bxf7 Rxf7 26. Re7 Qg8 27. Rxc6
Nd8 28. Rxf7 Qxf7 29. Rc7 Qxa2 1-0

[Event "DEM U10 2011"]
[Site "Oberhof GER"]
[Date "2011.06.13"]
[Round "4"]
[White "Martin, Julian"]
[Black "Schmidek, Emil"]
[Result "0-1"]
[Termination "normal"]
[Board "3"]
[WhiteElo "1321"]
[BlackElo "1719"]
[PlyCount "52"]
[WhiteFideId "12941000"]
[BlackFideId "12908150"]
[EventCountry "GER"]
[EventRounds "11"]
[EventType "swiss"]
[EventDate "2011.06.11"]

1. e4 e5 2. Nf3 Nc6 3. d4 exd4 4. Bc4 Nf6 5. e5 d5 6. Bb5 Ne4 7. Nxd4 Bc5 8.
O-O O-O 9. Nxc6 bxc6 10. Bxc6 Ba6 11. Nd2 Bxf1 12. Nxe4 dxe4 13. Qxf1 Rb8 14.
Bxe4 Qd4 15. Be3 Qxe5 16. Bxc5 Qxc5 17. Qd3 h6 18. b3 Rbd8 19. Qf3 Rfe8 20. Bd3
Qe5 21. Bc4 Qxa1+ 22. Bf1 Re1 23. g3 Rxf1+ 24. Kg2 Rg1+ 25. Kh3 Qf1+ 26. Kg4
Rd4+ 0-1

[Event "DEM U10 2011"]
[Site "Oberhof GER"]
[Date "2011.06.13"]
[Round "4"]
[White "Reuker, Jari"]
[Black "Zienert, Richard"]
[Result "0-1"]
[Termination "normal"]
[Board "4"]
[WhiteElo "1647"]
[BlackElo "1374"]
[PlyCount "128"]
[WhiteFideId "12909300"]
[BlackFideId "12945986"]
[EventCountry "GER"]
[EventRounds "11"]
[EventType "swiss"]
[EventDate "2011.06.11"]

1. e4 c5 2. Nf3 e6 3. d4 cxd4 4. Nxd4 a6 5. Nc3 Qc7 6. Bd3 Nc6 7. Nxc6 bxc6 8.
Qe2 Nf6 9. O-O Be7 10. f4 d6 11. Kh1 O-O 12. Bd2 Bb7 13. Rae1 e5 14. fxe5 dxe5
15. Qf3 Rab8 16. Qg3 Bc8 17. b3 Nh5 18. Qf3 Nf4 19. Bxf4 exf4 20. Ne2 Bb4 21.
Rd1 Bd6 22. Nxf4 Qa5 23. Bc4 Bc7 24. a4 Kh8 25. Ne6 Bxe6 26. Bxe6 Qe5 27. Qg3
Qxg3 28. hxg3 fxe6 29. Kh2 Rxf1 30. Rxf1 Kg8 31. Rd1 Rd8 32. Rf1 Rd2 33. c3 Re2
34. Kh3 Rxe4 35. Rf3 Re5 36. Kg4 h5+ 37. Kh4 Bd8+ 38. Kh3 g5 39. Kh2 g4 40. Rd3
Rd5 41. Re3 e5 42. c4 Bb6 43. cxd5 Bxe3 44. dxc6 Bb6 45. b4 a5 46. bxa5 Bxa5
47. Kg1 Kf7 48. Kf2 Bb6+ 49. Ke2 e4 50. a5 Bxa5 51. Ke3 Bc7 52. Kxe4 Ke6 53.
Ke3 Bxg3 54. Ke2 Bc7 55. Kf1 Kd6 56. Kf2 Kxc6 57. Kf1 Kd5 58. Kf2 Ke4 59. Ke2
h4 60. Kf2 Bb6+ 61. Kf1 h3 62. g3 Kf3 63. Ke1 h2 64. Kd2 h1=Q 0-1

[Event "DEM U10 2011"]
[Site "Oberhof GER"]
[Date "2011.06.13"]
[Round "4"]
[White "Savchenko, Daniel"]
[Black "Renger, Niklas"]
[Result "0-1"]
[Termination "normal"]
[Board "5"]
[WhiteElo "1411"]
[BlackElo "1452"]
[PlyCount "64"]
[WhiteFideId "12919195"]
[BlackFideId "12908096"]
[EventCountry "GER"]
[EventRounds "11"]
[EventType "swiss"]
[EventDate "2011.06.11"]

1. e4 c5 2. Nf3 d6 3. d4 cxd4 4. Nxd4 Nf6 5. Nc3 g6 6. Be3 Bg7 7. f3 O-O 8. Qd2
Nc6 9. O-O-O d5 10. Qe1 e5 11. Nxc6 bxc6 12. exd5 cxd5 13. Bg5 Qc7 14. Bxf6
Bxf6 15. Nxd5 Bg5+ 16. Kb1 Qb8 17. h4 Bh6 18. Ne7+ Kh8 19. Nc6 Qb6 20. Qxe5+
Bg7 21. Qb5 Qc7 22. Nd4 Rb8 23. Qc6 Qxc6 24. Nxc6 Rxb2+ 25. Kc1 Rb6 26. Nd4
Bh6+ 27. Rd2 Bxd2+ 28. Kxd2 Rd8 29. Ke3 Ba6 30. c4 Rb1 31. Nc2 Bxc4 32. Kf2
Rd2+ 0-1

[Event "DEM U10 2011"]
[Site "Oberhof GER"]
[Date "2011.06.13"]
[Round "4"]
[White "Shen, Julian"]
[Black "Sahki, Saphir"]
[Result "0-1"]
[Termination "normal"]
[Board "6"]
[WhiteElo "1273"]
[BlackElo "1597"]
[PlyCount "152"]
[WhiteFideId "12942898"]
[BlackFideId "26028450"]
[EventCountry "GER"]
[EventRounds "11"]
[EventType "swiss"]
[EventDate "2011.06.11"]

1. e4 c5 2. Nf3 Nc6 3. d4 cxd4 4. Nxd4 Nf6 5. Nc3 d6 6. Bb5 Bd7 7. f3 g6 8. Be3
Bg7 9. O-O O-O 10. Qd2 a6 11. Be2 Qc7 12. Rfd1 Rac8 13. Bh6 Nxd4 14. Bxg7 Nxe2+
15. Qxe2 Kxg7 16. Kh1 Kg8 17. Rd2 Qb6 18. Nd1 Bb5 19. Qe3 Qxe3 20. Nxe3 Rc7 21.
c3 Bc4 22. b3 Be6 23. c4 Rfc8 24. Rad1 a5 25. a4 Nd7 26. Nd5 Bxd5 27. Rxd5 Nc5
28. Rb1 Ra8 29. e5 dxe5 30. Rxe5 e6 31. Re3 Rc6 32. Kg1 Rb6 33. Ree1 Rxb3 34.
Rxb3 Nxb3 35. Rb1 Nd2 36. Rxb7 Nxc4 37. Kf2 Kf8 38. Ke2 Ke8 39. Kd3 Nd6 40. Rb3
Kd7 41. Kd4 Rc8 42. Rc3 Nf5+ 43. Kd3 Rxc3+ 44. Kxc3 Nh4 45. Kc4 Kc6 46. g3 Nxf3
47. h3 e5 48. Kd3 Kc5 49. Ke4 Ng5+ 50. Kxe5 Nxh3 51. Kf6 Kb4 52. Kxf7 Kxa4 53.
Kg7 Ng5 54. Kh6 Ne4 55. g4 Kb3 56. Kxh7 Nf6+ 57. Kxg6 Nxg4 58. Kf5 Ne3+ 59. Ke4
Nc2 60. Kd3 a4 61. Kd2 Kb2 62. Kd3 a3 63. Ke4 a2 64. Ke5 a1=Q 65. Kd5 Qa4 66.
Ke5 Qd4+ 67. Ke6 Nb4 68. Kf5 Kc3 69. Ke6 Kc4 70. Kf5 Qe3 71. Kf6 Kd5 72. Kf7
Qe6+ 73. Kg7 Ke5 74. Kh8 Kf6 75. Kh7 Qg4 76. Kh8 Qg7# 0-1

[Event "DEM U10 2011"]
[Site "Oberhof GER"]
[Date "2011.06.13"]
[Round "4"]
[White "Reimann, Sebastian"]
[Black "Fromm, Katja"]
[Result "1-0"]
[Termination "normal"]
[Board "7"]
[WhiteElo "1442"]
[BlackElo "1401"]
[PlyCount "105"]
[WhiteFideId "12928054"]
[BlackFideId "12929409"]
[EventCountry "GER"]
[EventRounds "11"]
[EventType "swiss"]
[EventDate "2011.06.11"]

1. e4 c6 2. d4 d5 3. Nc3 dxe4 4. Nxe4 Bf5 5. Ng3 Bg6 6. Nf3 h6 7. h4 Nf6 8. h5
Bh7 9. c3 e6 10. Bd3 Bxd3 11. Qxd3 Be7 12. Bd2 Nbd7 13. Ne2 O-O 14. Nf4 b6 15.
Rg1 c5 16. Ne2 cxd4 17. Nexd4 Nc5 18. Qc2 Nxh5 19. g4 Nf6 20. g5 Nfe4 21. gxh6
g6 22. Nc6 Qc7 23. Nxe7+ Qxe7 24. O-O-O Nxd2 25. Rxd2 Kh7 26. Ne5 Qc7 27. Nxg6
fxg6 28. Qxg6+ Kh8 29. Qg7+ Qxg7 30. hxg7+ Kg8 31. gxf8=Q+ Kxf8 32. Rh1 Kg7 33.
Kc2 Rf8 34. Rg1+ Kf6 35. b4 Ne4 36. Rd4 Kf5 37. Rf1 e5 38. Rd3 Ke6 39. f3 Rf7
40. Re3 Nd6 41. Rfe1 Nc4 42. Re4 b5 43. f4 a6 44. fxe5 Rf2+ 45. R1e2 Rf1 46.
Re1 Rxe1 47. Rxe1 Nxe5 48. Rh1 Nc4 49. Rh6+ Kd5 50. Rxa6 Ke4 51. Rc6 Ke3 52.
Rxc4 bxc4 53. b5 1-0

[Event "DEM U10 2011"]
[Site "Oberhof GER"]
[Date "2011.06.13"]
[Round "4"]
[White "Rockmann, Jan-Okke"]
[Black "Poghosyan, Tigran"]
[Result "0-1"]
[Termination "normal"]
[Board "8"]
[WhiteElo "1294"]
[BlackElo "1685"]
[PlyCount "74"]
[WhiteFideId "12942111"]
[BlackFideId "12909319"]
[EventCountry "GER"]
[EventRounds "11"]
[EventType "swiss"]
[EventDate "2011.06.11"]

1. e4 c5 2. Nf3 d6 3. d4 cxd4 4. Nxd4 Nf6 5. Nc3 a6 6. Be3 e5 7. Nb3 Be7 8. Bc4
Qc7 9. Bd3 Be6 10. O-O O-O 11. f4 Ng4 12. Qd2 Nxe3 13. Qxe3 exf4 14. Qxf4 Bf6
15. Nd5 Bxd5 16. exd5 Qe7 17. Rae1 Be5 18. Qe4 g6 19. Kh1 f5 20. Qc4 Nd7 21.
Qc7 Rab8 22. Re2 Rfc8 23. Qa5 Qh4 24. Rxe5 Nxe5 25. g3 Qh3 26. Rd1 Nf3 27. Rd2
Nxd2 28. Qxd2 Qg4 29. c3 Qf3+ 30. Kg1 Qxd5 31. Bc4 Qxc4 32. Qxd6 Rd8 33. Qe5
Qe4 34. Qf6 Rd1+ 35. Kf2 Re8 36. g4 Qe3+ 37. Kg2 Rg1# 0-1

[Event "DEM U10 2011"]
[Site "Oberhof GER"]
[Date "2011.06.13"]
[Round "4"]
[White "Mätzkow, Maximilian Paul"]
[Black "Schnabel, Bennett"]
[Result "1/2-1/2"]
[Termination "normal"]
[Board "9"]
[WhiteElo "1597"]
[BlackElo "1289"]
[PlyCount "71"]
[WhiteFideId "24679933"]
[BlackFideId "12943290"]
[EventCountry "GER"]
[EventRounds "11"]
[EventType "swiss"]
[EventDate "2011.06.11"]

1. d4 d5 2. Nf3 c6 3. e3 Bg4 4. Be2 e6 5. Nbd2 f5 6. O-O Nf6 7. b3 Bd6 8. Bb2
O-O 9. Ne5 Bxe2 10. Qxe2 Nbd7 11. f4 Ne4 12. Rf3 Ndf6 13. Rh3 Qe7 14. Ndf3 Ng4
15. Rf1 Rac8 16. Ne1 Ngf6 17. N1d3 Rc7 18. Qe1 Nd7 19. Nf2 Ndf6 20. Nh1 Nd7 21.
Ng3 Ndf6 22. Qe2 Qe8 23. Nh1 Be7 24. c4 a6 25. c5 Bd8 26. a4 Rc8 27. b4 Ra8 28.
Ba3 Be7 29. Bb2 Bd8 30. a5 Rc8 31. Nd3 Ng4 32. Ng3 Rc7 33. Nxe4 dxe4 34. Ne5
Nxe5 35. dxe5 Rd7 36. Rd1 1/2-1/2

[Event "DEM U10 2011"]
[Site "Oberhof GER"]
[Date "2011.06.13"]
[Round "4"]
[White "Kuhn, Magnus"]
[Black "Zieschank, Leon"]
[Result "1/2-1/2"]
[Termination "normal"]
[Board "10"]
[WhiteElo "1579"]
[BlackElo "1236"]
[PlyCount "117"]
[WhiteFideId "12926345"]
[EventCountry "GER"]
[EventRounds "11"]
[EventType "swiss"]
[EventDate "2011.06.11"]

1. e4 e5 2. Nf3 Nc6 3. Bb5 d6 4. d4 exd4 5. Nxd4 Bd7 6. O-O Nxd4 7. Bxd7+ Qxd7
8. Qxd4 Nf6 9. Bg5 Be7 10. Nc3 c5 11. Qd3 Qc6 12. Rad1 O-O-O 13. Rfe1 Rhe8 14.
Bd2 h6 15. Nb5 Qb6 16. c4 a6 17. Nc3 Kb8 18. Rb1 Rd7 19. a3 Bd8 20. b4 Qc6 21.
b5 Qb6 22. bxa6 Qxa6 23. Be3 Qc6 24. f3 Bc7 25. Nd5 Nxd5 26. cxd5 Qa4 27. g4
Bd8 28. Rb5 Qa6 29. Qb3 Ree7 30. Bf4 g5 31. Bg3 f6 32. Rxc5 Bb6 33. Rec1 Bxc5+
34. Rxc5 Rc7 35. Rb5 Rc1+ 36. Kf2 Rec7 37. Kg2 Kc8 38. Qb4 Kd7 39. f4 R1c4 40.
Qb1 R4c5 41. Rb2 Qxa3 42. Rxb7 Qa5 43. Rb2 Qa3 44. Rb7 Qa5 45. Rb2 Qa6 46. fxg5
hxg5 47. Qf1 Qa3 48. Qf5+ Kd8 49. Rb8+ Rc8 50. Qxf6+ Ke8 51. Rxc8+ Rxc8 52.
Bxd6 Qa2+ 53. Kh3 Qb3+ 54. Bg3 Qc3 55. Qe6+ Kd8 56. Qd6+ Ke8 57. Qe6+ Kd8 58.
Qd6+ Ke8 59. Qe6+ 1/2-1/2

[Event "DEM U10 2011"]
[Site "Oberhof GER"]
[Date "2011.06.13"]
[Round "4"]
[White "Arnhold, Steffi"]
[Black "Fieberg, Samuel"]
[Result "1/2-1/2"]
[Termination "normal"]
[Board "11"]
[WhiteElo "1117"]
[BlackElo "1762"]
[PlyCount "95"]
[WhiteFideId "12931365"]
[BlackFideId "12901717"]
[EventCountry "GER"]
[EventRounds "11"]
[EventType "swiss"]
[EventDate "2011.06.11"]

1. e4 e5 2. Nf3 Nc6 3. Bb5 a6 4. Ba4 Nf6 5. O-O b5 6. Bb3 Bc5 7. c3 d6 8. d4
exd4 9. cxd4 Bb6 10. Bg5 O-O 11. Nc3 h6 12. Bh4 Re8 13. h3 Bb7 14. Re1 g5 15.
Bg3 Re7 16. e5 dxe5 17. dxe5 Qxd1 18. Raxd1 Nh5 19. Bh2 Na5 20. Bd5 c6 21. Be4
Rae8 22. Bf5 Ng7 23. Bc2 Bc7 24. b3 Bc8 25. Re2 Nb7 26. Rde1 Nc5 27. Nd4 Bb7
28. Nf5 Nxf5 29. Bxf5 Ne6 30. Ne4 Nd4 31. Nf6+ Kf8 32. Nxe8 Nxe2+ 33. Rxe2 Kxe8
34. e6 Bxh2+ 35. Kxh2 f6 36. Kg3 h5 37. Bg6+ Kd8 38. Bxh5 Kc7 39. Bf7 c5 40.
Kg4 Bxg2 41. Kf5 c4 42. Kxf6 Kd6 43. Rd2+ Bd5 44. bxc4 bxc4 45. Bg8 c3 46. Rc2
Bxe6 47. Bxe6 Rxe6+ 48. Kxg5 1/2-1/2

[Event "DEM U10 2011"]
[Site "Oberhof GER"]
[Date "2011.06.13"]
[Round "4"]
[White "Buckels, Valentin"]
[Black "Keymer, Vincent"]
[Result "1-0"]
[Termination "normal"]
[Board "12"]
[WhiteElo "1475"]
[BlackElo "1192"]
[PlyCount "145"]
[WhiteFideId "12942766"]
[BlackFideId "12940690"]
[EventCountry "GER"]
[EventRounds "11"]
[EventType "swiss"]
[EventDate "2011.06.11"]

1. d4 d5 2. c4 e6 3. Nf3 c5 4. dxc5 Bxc5 5. cxd5 exd5 6. e3 Nf6 7. Nc3 a6 8.
Be2 Be6 9. O-O O-O 10. b3 Nc6 11. Bb2 Qe7 12. Na4 Bd6 13. Nd4 Nxd4 14. Qxd4 b5
15. Nc3 Rac8 16. Bf3 Bc5 17. Qd3 Rfd8 18. Rad1 h6 19. Ne2 Nh7 20. Qc3 Nf6 21.
Qd3 Bd6 22. Rc1 Rb8 23. Nd4 Bd7 24. Nc6 Bxc6 25. Rxc6 a5 26. Qe2 Ne4 27. Rd1 b4
28. g3 Kh7 29. Qc2 g6 30. Rxd5 Nf6 31. Bxf6 Qxf6 32. Qd1 Rbc8 33. Rcxd6 Rxd6
34. Rxd6 Qb2 35. Rd2 Qf6 36. Kg2 Re8 37. Qc2 Qa6 38. Qc6 Qxc6 39. Bxc6 Rc8 40.
Be4 Re8 41. Bf3 Re7 42. Rd5 Ra7 43. Rb5 f5 44. Rb7+ Rxb7 45. Bxb7 Kg7 46. Kf3
Kf6 47. e4 Ke5 48. exf5 gxf5 49. Ke3 Ke6 50. f4 Kf6 51. Kd4 Ke6 52. Kc5 Kd7 53.
Bd5 Kc7 54. Be6 Kb7 55. Kb5 Kc7 56. Kxa5 Kd6 57. Bxf5 Kd5 58. Kxb4 Kd4 59. a4
Ke3 60. a5 Kf2 61. g4 Kg2 62. a6 Kxh2 63. a7 Kg3 64. a8=Q Kxf4 65. Qe4+ Kg3 66.
g5 hxg5 67. Qg4+ Kf2 68. Qh3 Ke2 69. Kc3 Kf2 70. Kd2 Kg1 71. Ke2 g4 72. Qg3+
Kh1 73. Be4# 1-0

[Event "DEM U10 2011"]
[Site "Oberhof GER"]
[Date "2011.06.13"]
[Round "4"]
[White "Wierzbicki, Jirawat"]
[Black "Rau, Jennifer"]
[Result "1-0"]
[Termination "normal"]
[Board "14"]
[WhiteElo "1405"]
[BlackElo "1092"]
[PlyCount "119"]
[WhiteFideId "1153579"]
[BlackFideId "12983276"]
[EventCountry "GER"]
[EventRounds "11"]
[EventType "swiss"]
[EventDate "2011.06.11"]

1. e4 e5 2. Nf3 Nc6 3. Nc3 Nf6 4. d4 exd4 5. Nxd4 Nxd4 6. Qxd4 d6 7. Bc4 Be6 8.
Bxe6 fxe6 9. O-O e5 10. Qd3 a6 11. Bg5 h6 12. Bh4 Be7 13. Rfe1 Nh5 14. Bxe7
Qxe7 15. Qh3 Nf4 16. Qg3 Qg5 17. Qxg5 hxg5 18. Re3 O-O-O 19. Rd1 Rh7 20. g3 Ne6
21. Kg2 Nd4 22. Nd5 Nxc2 23. Rc3 Nd4 24. Rxc7+ Kb8 25. Rcc1 Ne6 26. Ne3 g6 27.
Ng4 Rf7 28. Rd5 Rc7 29. Rxc7 Kxc7 30. Rd3 Nc5 31. Rc3 Kb8 32. Kf3 Rf8+ 33. Ke3
Na4 34. Rb3 Nc5 35. Rc3 b5 36. Nxe5 dxe5 37. Rxc5 Re8 38. Rc6 Rg8 39. Rxa6 Kc7
40. Re6 Kb7 41. Rxe5 Kc6 42. Rxg5 Rg7 43. f4 Re7 44. Rxg6+ Kc5 45. f5 b4 46.
Kf4 Kd4 47. Re6 Rf7 48. e5 Kc5 49. h4 b3 50. axb3 Kb4 51. f6 Kc5 52. Re7 Rxe7
53. fxe7 Kb4 54. e8=Q Kxb3 55. Qc6 Kb4 56. Ke4 Kb3 57. Kd3 Ka2 58. Qb5 Kb1 59.
Kc3 Ka2 60. Kc2 {Es folgte Ka3 nebst Db3#} 1-0

[Event "DEM U10 2011"]
[Site "Oberhof GER"]
[Date "2011.06.13"]
[Round "4"]
[White "Ratay, Meike"]
[Black "Hoffmann, Fabian"]
[Result "0-1"]
[Termination "normal"]
[Board "15"]
[WhiteElo "1087"]
[BlackElo "1424"]
[PlyCount "62"]
[WhiteFideId "12977608"]
[BlackFideId "12964891"]
[EventCountry "GER"]
[EventRounds "11"]
[EventType "swiss"]
[EventDate "2011.06.11"]

1. Nc3 e5 2. Nf3 Nc6 3. d4 exd4 4. Nxd4 Nf6 5. Bg5 d5 6. Bxf6 gxf6 7. g3 Bb4 8.
Qd2 Nxd4 9. Qxd4 c5 10. Qd2 d4 11. a3 Qa5 12. Qd1 Bxc3+ 13. bxc3 Qxc3+ 14. Qd2
Qxa1+ 15. Qd1 Qxa3 16. Bg2 Qc3+ 17. Qd2 Qxd2+ 18. Kxd2 Rb8 19. Rb1 b6 20. c3
dxc3+ 21. Kxc3 a5 22. Bd5 b5 23. Bc6+ Bd7 24. Bxd7+ Kxd7 25. e4 b4+ 26. Kc4 Kc6
27. f4 Rhd8 28. e5 Rd4+ 29. Kb3 a4+ 30. Kxa4 Rd3 31. Rb3 Ra8# 0-1

[Event "DEM U10 2011"]
[Site "Oberhof GER"]
[Date "2011.06.13"]
[Round "4"]
[White "Meyling, Lennart"]
[Black "Muckle, Julius"]
[Result "1-0"]
[Termination "normal"]
[Board "16"]
[WhiteElo "1071"]
[BlackElo "1357"]
[PlyCount "53"]
[WhiteFideId "12947130"]
[BlackFideId "12942430"]
[EventCountry "GER"]
[EventRounds "11"]
[EventType "swiss"]
[EventDate "2011.06.11"]

1. e4 e5 2. Nf3 Nc6 3. d4 exd4 4. c3 dxc3 5. Bc4 cxb2 6. Bxb2 Bb4+ 7. Nbd2 Nf6
8. O-O Na5 9. Qa4 Nxc4 10. Nxc4 Be7 11. e5 Nd5 12. Nd4 a6 13. e6 fxe6 14. Nxe6
b5 15. Nxg7+ Kf7 16. Qd1 Nf6 17. Bxf6 Bxf6 18. Nh5 Bxa1 19. Qd5+ Kf8 20. Qxa8
bxc4 21. Rxa1 c6 22. Qb8 d6 23. Re1 Rg8 24. Re6 Qd7 25. Rxd6 Qb7 26. Rd8+ Kf7
27. Qf4+ 1-0

[Event "DEM U10 2011"]
[Site "Oberhof GER"]
[Date "2011.06.13"]
[Round "4"]
[White "Wong, Gengchun"]
[Black "Köhler, Inken"]
[Result "0-1"]
[Termination "normal"]
[Board "17"]
[WhiteElo "1337"]
[BlackElo "1079"]
[PlyCount "126"]
[WhiteFideId "12963283"]
[BlackFideId "12929301"]
[EventCountry "GER"]
[EventRounds "11"]
[EventType "swiss"]
[EventDate "2011.06.11"]

1. e4 e5 2. Nf3 Nc6 3. Bb5 Nf6 4. Nc3 Bc5 5. O-O d6 6. h3 O-O 7. d3 h6 8. Be3
Bxe3 9. fxe3 Be6 10. d4 Qd7 11. Kh2 exd4 12. exd4 d5 13. Ne5 Qd6 14. exd5 Nxe5
15. dxe5 Qxe5+ 16. Kh1 Nxd5 17. Re1 Qd6 18. Qf3 Nxc3 19. Qxc3 c6 20. Bc4 Bxc4
21. Qxc4 Rfe8 22. Rf1 Qe6 23. Qb4 Qe7 24. Qb3 Rad8 25. Rae1 Qc7 26. Rxe8+ Rxe8
27. Qf3 f6 28. Qh5 Qf7 29. Qxf7+ Kxf7 30. Kg1 Re2 31. Rf2 Rxf2 32. Kxf2 Ke6 33.
Ke2 Kf5 34. Kf3 g5 35. g4+ Ke5 36. Ke3 f5 37. gxf5 Kxf5 38. Kf3 h5 39. a4 g4+
40. hxg4+ hxg4+ 41. Kg3 b6 42. b4 c5 43. c3 Ke4 44. a5 Kd3 45. Kxg4 Kxc3 46.
axb6 axb6 47. bxc5 bxc5 48. Kf3 Kb2 49. Ke3 c4 50. Kd4 c3 51. Kd3 c2 52. Kc4
c1=Q+ 53. Kb4 Kc2 54. Kc4 Qf4+ 55. Kd5 Kc3 56. Ke6 Qg5 57. Kd6 Qf5 58. Kc6 Kd4
59. Kd6 Qf6+ 60. Kd7 Kc5 61. Ke8 Qg7 62. Kd8 Kd6 63. Ke8 Qe7# 0-1

[Event "DEM U10 2011"]
[Site "Oberhof GER"]
[Date "2011.06.13"]
[Round "4"]
[White "Poetsch, Leonore"]
[Black "Hoffmann, Jens"]
[Result "0-1"]
[Termination "normal"]
[Board "18"]
[WhiteElo "966"]
[BlackElo "1327"]
[PlyCount "23"]
[WhiteFideId "12940372"]
[BlackFideId "12946320"]
[EventCountry "GER"]
[EventRounds "11"]
[EventType "swiss"]
[EventDate "2011.06.11"]

1. e4 e5 2. Bc4 Nf6 3. Nf3 Nc6 4. Ng5 d5 5. exd5 Nxd5 6. Nxf7 Kxf7 7. Qf3+ Ke8
8. Bxd5 Qf6 9. Bxc6+ Qxc6 10. Qxc6+ bxc6 11. O-O Bc5 12. Re1 {es folgte regelwi
drig 12.O-O 13.Tf1 La6 14.Td1 Txf2 15.Kh1 Taf8 16.h3 Tf1+ 17.Txf1 Txf1+ 18.Kh2
Txc1 19.c3 Ld3 20.b4 Le7 21.a4 Txb1} 0-1

[Event "DEM U10 2011"]
[Site "Oberhof GER"]
[Date "2011.06.13"]
[Round "4"]
[White "Heckmann, Till"]
[Black "Kölz, Niklas"]
[Result "0-1"]
[Termination "normal"]
[Board "19"]
[WhiteElo "1157"]
[BlackElo "1479"]
[PlyCount "72"]
[WhiteFideId "12987093"]
[BlackFideId "12971758"]
[EventCountry "GER"]
[EventRounds "11"]
[EventType "swiss"]
[EventDate "2011.06.11"]

1. e4 c5 2. Nc3 e6 3. g3 Nc6 4. Bg2 Nf6 5. f4 d6 6. Nf3 Be7 7. O-O O-O 8. d3 d5
9. e5 Nd7 10. Ne2 b5 11. h3 Rb8 12. Kh2 f6 13. d4 cxd4 14. Nexd4 Nxd4 15. Nxd4
Qb6 16. Nxe6 Re8 17. Bxd5 Kh8 18. b3 Nc5 19. Nxc5 Qxc5 20. Qd2 Rd8 21. Rd1 Rxd5
22. Qxd5 Bb7 23. Qxc5 Bxc5 24. Bb2 Re8 25. Re1 Bf2 26. Re2 Bb6 27. Rd2 Bf3 28.
h4 Rc8 29. Kh3 h5 30. exf6 Be3 31. Rd3 Bg4+ 32. Kg2 Rxc2+ 33. Kf1 Be2+ 34. Ke1
Bxd3 35. fxg7+ Kg8 36. Rd1 Bf2# 0-1

[Event "DEM U10 2011"]
[Site "Oberhof GER"]
[Date "2011.06.13"]
[Round "4"]
[White "Alekhanov, Jannis"]
[Black "Kopylov, Daniel"]
[Result "1-0"]
[Termination "normal"]
[Board "20"]
[WhiteElo "1398"]
[BlackElo "1130"]
[PlyCount "73"]
[WhiteFideId "12921238"]
[BlackFideId "12921971"]
[EventCountry "GER"]
[EventRounds "11"]
[EventType "swiss"]
[EventDate "2011.06.11"]

1. d4 Nf6 2. Nf3 g6 3. g3 Bg7 4. Bg2 O-O 5. Bf4 Nd5 6. Bg5 h6 7. Bd2 Nc6 8. c3
d6 9. Nh4 Nf6 10. Qb3 Re8 11. Nxg6 d5 12. Nf4 e6 13. Na3 a6 14. e3 b6 15. c4
Ne7 16. Bb4 Bb7 17. Bxe7 Rxe7 18. c5 e5 19. dxe5 Rxe5 20. Rc1 Bc6 21. cxb6 Bd7
22. bxc7 Qc8 23. Nxd5 Rxd5 24. Bxd5 Nxd5 25. Qxd5 Bxb2 26. Rd1 Bxa3 27. Qxd7
Qxd7 28. Rxd7 Bb4+ 29. Ke2 Ba5 30. Rhd1 Rf8 31. Rc1 Rc8 32. Rd8+ Rxd8 33.
cxd8=Q+ Bxd8 34. Rc8 Kf8 35. Rxd8+ Ke7 36. Rh8 Kd6 37. Rxh6+ 1-0

[Event "DEM U10 2011"]
[Site "Oberhof GER"]
[Date "2011.06.13"]
[Round "4"]
[White "Stobbe, Frederik"]
[Black "Schneider, Jana"]
[Result "1-0"]
[Termination "normal"]
[Board "21"]
[WhiteElo "1105"]
[BlackElo "1347"]
[PlyCount "107"]
[BlackFideId "12924997"]
[EventCountry "GER"]
[EventRounds "11"]
[EventType "swiss"]
[EventDate "2011.06.11"]

1. e4 c5 2. Nf3 d6 3. d4 cxd4 4. Nxd4 Nf6 5. Nc3 a6 6. Be3 e6 7. f3 Be7 8. Qd2
b5 9. O-O-O Bb7 10. g4 Qc7 11. Kb1 Nc6 12. Nxc6 Bxc6 13. h4 Nd7 14. Bg5 Ne5 15.
Bxe7 Qxe7 16. Qxd6 Qxd6 17. Rxd6 Bb7 18. Be2 O-O 19. f4 Ng6 20. Rd7 Bc8 21. Rc7
Nxf4 22. Bf3 e5 23. Nd5 Ne6 24. Rc3 Nd4 25. Rg1 Bb7 26. g5 Rad8 27. Rd1 Bxd5
28. exd5 Rc8 29. Rdd3 Rfe8 30. d6 Rxc3 31. Rxc3 g6 32. d7 Rf8 33. Rc8 Ne6 34.
Bg4 Nd8 35. Kc1 Nb7 36. Bf3 Nd8 37. Bd5 Kg7 38. Kd2 f6 39. Ke3 f5 40. Kf3 f4
41. b3 h6 42. gxh6+ Kxh6 43. c4 Kh5 44. c5 Kxh4 45. c6 g5 46. c7 g4+ 47. Ke4 g3
48. cxd8=Q+ Rxd8 49. Rxd8 g2 50. Rg8 Kh3 51. d8=Q Kh2 52. Qh4+ Kg1 53. Qe1+ Kh2
54. Rh8# 1-0

[Event "DEM U10 2011"]
[Site "Oberhof GER"]
[Date "2011.06.13"]
[Round "4"]
[White "Tong, Kevin"]
[Black "Möller, Lisa-Marie"]
[Result "1-0"]
[Termination "normal"]
[Board "22"]
[WhiteElo "1345"]
[BlackElo "1069"]
[PlyCount "69"]
[WhiteFideId "12913944"]
[BlackFideId "12959367"]
[EventCountry "GER"]
[EventRounds "11"]
[EventType "swiss"]
[EventDate "2011.06.11"]

1. e4 c5 2. Nf3 a6 3. c4 Nc6 4. d4 cxd4 5. Nxd4 Nxd4 6. Qxd4 d6 7. Nc3 Nf6 8.
Bg5 g6 9. Bxf6 exf6 10. Be2 Bg7 11. Rd1 Bf8 12. O-O Be6 13. Rfe1 Be7 14. Nd5
Bxd5 15. exd5 O-O 16. Bf3 Rc8 17. Re2 f5 18. b3 Bf6 19. Qd3 Bg7 20. Rde1 Qd7
21. Re7 Qd8 22. Rxb7 Re8 23. Rxe8+ Qxe8 24. Qe2 Qxe2 25. Bxe2 Re8 26. Kf1 Be5
27. g3 f4 28. Ra7 Bd4 29. Rxa6 fxg3 30. hxg3 Rb8 31. Rxd6 Ra8 32. a4 Rb8 33.
Bd1 Kf8 34. Rc6 Ke7 35. a5 1-0